Exploring the Nexus between Tax Revenue Trends and Social Contributions Development in European Union Countries
Analýza hlavných tendencií daňových príjmov a sociálnych príspevkov v krajinách EÚ, štúdium hypotézy týkajúcej sa konvergencie ročných mier rastu celkových daňových príjmov (vrátane sociálnych príspevkov) k HDP v krajinách Európskej únie počas posledného desaťročia a vytvorenie predpokladaných hodnô...
Uložené v:
| Hlavný autor: | |
|---|---|
| Ďalší autori: | , , , |
| Médium: | Kapitola |
| Jazyk: | English |
| Predmet: | |
| Tagy: |
Žiadne tagy, Buďte prvý, kto otaguje tento záznam!
|
MARC
| LEADER | 00000naa a2200000 4500 | ||
|---|---|---|---|
| 001 | 0257635 | ||
| 005 | 20240502083731.7 | ||
| 041 | 0 | |a eng | |
| 044 | |a UA | ||
| 245 | 1 | 0 | |a Exploring the Nexus between Tax Revenue Trends and Social Contributions Development in European Union Countries |c N. A. Dubrovina, E. Neubauerová, I. V. Kolupaieva, A. O. Borysova, R. I. Shabanov |
| 520 | |a Analýza hlavných tendencií daňových príjmov a sociálnych príspevkov v krajinách EÚ, štúdium hypotézy týkajúcej sa konvergencie ročných mier rastu celkových daňových príjmov (vrátane sociálnych príspevkov) k HDP v krajinách Európskej únie počas posledného desaťročia a vytvorenie predpokladaných hodnôt pre celkové daňové príjmy (vrátane sociálnych príspevkov), ako percento HDP v krajinách EÚ. | ||
| 610 | 2 | 0 | |a zaťaženie daňové |
| 610 | 2 | 0 | |a dane |
| 610 | 2 | 0 | |a Európska únia |
| 100 | 1 | |a Dubrovina, Nadežda Anatoljevna | |
| 700 | 1 | |a Neubauerová, Erika, 1968- | |
| 700 | 1 | |a Kolupaieva, I. V. | |
| 700 | 1 | |a Borysova, A. O. | |
| 700 | 1 | |a Shabanov, R. I. | |